000 00569nam a2200205Ia 4500
005 20250508162917.0
008 008 250505s9999 xx 000 0 eng d
020 _a81-7018-652-8
037 _aTextual
040 _aFEDL
_beng
_cFEDL
041 _aeng
_2eng
084 _a128, SIN
_qFEDL
100 _aSinari Ramakant Ed.
_9621305
245 0 _aConcept of man in philosophy
260 _aShimla, India
_bIndian Institute of Advanced Study
_c1991
300 _a164p
650 _aPhilosophy
942 _cTEXL
_h128, SIN
999 _c1379377
_d1379377